[Event "FRA-chT2A 0506"]
[Site "France"]
[Date "2005.11.20"]
[Round "3"]
[White "Roussel, Stanislas"]
[Black "Le Loarer, Herve"]
[Result "1-0"]
[WhiteElo "2053"]
[BlackElo "1860"]
[PlyCount "52"]
[EventDate "2005.10.27"]
[EventType "team-tourn"]
[EventRounds "11"]
[EventCountry "FRA"]
[SourceTitle "EXT 2006"]
[Source "ChessBase"]
[SourceDate "2005.11.24"]
[SourceVersion "1"]
[SourceVersionDate "2005.11.24"]
[SourceQuality "1"]
[WhiteTeam "Rennes Paul Bert"]
[BlackTeam "Sautron"]
[WhiteTeamCountry "FRA"]
[BlackTeamCountry "FRA"]

1. d4 Nf6 2. c4 e6 3. Nf3 d5 4. Nc3 Bb4 5. cxd5 exd5 6. Qc2 0-0 7. Bg5 Re8 8. e3 Nbd7 9. Bd3 Nf8 10. 0-0 c6 11. a3 Bd6 12. h3 h6 13. Bh4 Bd7 14. e4 dxe4 15. Nxe4 Be7 16. Bxf6 Bxf6 17. Nd6 Re7 18. Nxb7 Qb6 19. Nc5 Ne6 20. Nxd7 Rxd7 21. Ne5 Rc7 22. Nc4 Qxd4 23. Rfd1 Qh4 24. Be4 Rb8 25. Qd3 Bd4 26. Qf3 Qf6 1-0

[Event "FRA-chT3 0405"]
[Site "France"]
[Date "2004.11.07"]
[Round "2"]
[White "Roussel, Stanislas"]
[Black "Martin, Yvon"]
[Result "0-1"]
[WhiteElo "1730"]
[BlackElo "1660"]
[PlyCount "59"]
[EventDate "2004.10.10"]
[EventType "team"]
[EventRounds "9"]
[EventCountry "FRA"]
[SourceTitle "EXT 2007"]
[Source "ChessBase"]
[SourceDate "2006.11.23"]
[SourceVersion "1"]
[SourceVersionDate "2006.11.23"]
[SourceQuality "1"]

1. Nf3 Nf6 2. c4 g6 3. Nc3 Bg7 4. d4 b6 5. Bg5 Bb7 6. Qd2 h6 7. Bf4 d6 8. h3 Nh5 9. Bh2 e6 10. e4 Nd7 11. Be2 a6 12. 0-0 Qe7 13. a4 Rd8 14. a5 Nhf6 15. Qe3 e5 16. d5 Nc5 17. Nd2 h5 18. b4 Bh6 19. f4 Ncd7 20. axb6 Nxb6 21. c5 exf4 22. Bxf4 g5 23. Bxg5 Nbxd5 24. Nxd5 Nxd5 25. Qd4 Qxg5 26. Qxh8+ Ke7 27. Qxd8+ Kxd8 28. exd5 Bxd5 29. Nf3 Qe3+ 30. Rf2 0-1